Statistics for Five Countries With Longest Coastline Per Continent

Click here to take the quiz!

General Stats

  • This quiz has been taken 111 times
    (79 since last reset)
  • The average score is 27 of 30

Answer Stats

Continent Kms Country % Correct
Europe37653Russia
100%
South America7491Brazil
100%
Oceania15134New Zealand
100%
Oceania25760Australia
100%
South America4989Argentina
100%
South America6435Chile
100%
South America3208Colombia
99%
North America20200Canada
99%
Asia54000Indonesia
99%
Asia29751Japan
99%
South America2800Venezuela
97%
Europe58000Norway
97%
North America19924USA
97%
Africa2798South Africa
96%
North America3735Cuba
96%
Asia14500China
96%
Europe12429UK
94%
Europe7600Italy
94%
North America9330Mexico
93%
Africa3333Somalia
93%
Africa4828Madagascar
89%
Oceania5313Solomon Islands
86%
Asia36289Philippines
86%
Europe13676Greece
82%
Africa2450Egypt
79%
North America3542Bahamas
76%
Africa2470Mozambique
73%
Oceania6112Micronesia
73%
Asia7200Turkey
72%
Oceania2528Vanuatu
66%

Score Distribution

Percentile by Number Answered

Percent of People with Each Score

Your Score History

You have not taken this quiz since the last reset